000 00528nam a22002057a 4500
003 Nust
005 20211125115623.0
008 170109b xxu||||| |||| 00| 0 eng d
020 _a0071459170
038 _aKhadija
040 _cc
082 _a658.404
_bGON
100 _aGoncalves, Marcus
_985140
245 _aImplementing the Virtual Project Management Office/
_cMarcus Goncalves
260 _aNew York:
_bMcGraw-Hill;
_c2007.
300 _a297p: ,
_b23 cm.
500 _aHardcover.
563 _aHB
942 _cBK
_2ddc
999 _c31737
_d31737